000 01186nam a22003017a 4500
001 BRCA_9434
003 FranzMayer
005 20230918130911.0
008 230906b |||||||| |||| 00| 0 eng d
020 _a5950100883
040 _aMFM
_bESPAÑOL
_cMFM
050 0 _aNK9204
_bK67 2004
100 1 _4Autor
_aKosourova, Tatiana
_929713
240 _aArt of the Embroiderer
_hWestern European Embroidery in the Hermitage from the Sixteenth to the Early Twentieth Century
_lInglés
245 0 _aArt of the Embroiderer
_bWestern European Embroidery in the Hermitage from the Sixteenth to the Early Twentieth Century
260 _aSt. Petersburgo
_bThe State Hermitage Museum
_c2004
300 _a279 p
_bIlustraciones a color
_c29 cm
500 _aAnexo 1
505 _aTexto: inglésTraducido del rusoIncluye índice temáticoIncluye bibliografía
650 1 _2Bordado
_aTrabajos anteriores a 1800
_929714
700 1 _4Trad
_aPetrova, E.
_929715
700 1 _4Trad.
_aSmirnov, R
_929716
700 1 _4Dis
_aDaliokaya, I.
_929717
700 1 _4Foto
_aHeifets, L
_929718
700 1 _4Foto
_aMolodkovets, Yu
_929719
700 1 _4Foto
_aSiniavsky, K
_929720
942 _2lcc
_cB
999 _c11056
_d11056